| 000 | 00336nam a22001337a 4500 | ||
|---|---|---|---|
| 020 | _a978-93-82314-07-3 | ||
| 082 |
_a530 _bLAL/P |
||
| 100 | _aSURINDRA LAL | ||
| 245 |
_aNEW PHYSICS TEXTBOOK FOR CLASS XI _bPART II |
||
| 260 |
_aDELHI _bG.R.BATHLA PUBLICATIONS _c2014 |
||
| 300 | _a600 | ||
| 650 |
_aPHYSICS FOR CLASS XI _zINDIA |
||
| 942 | _cBK | ||
| 999 |
_c508 _d508 |
||